[Event "Lost Boys"]
[Site "Amsterdam"]
[Date "1999.08.19"]
[Round "6"]
[White "Avrukh, Boris"]
[Black "Sokolov, Ivan"]
[Result "0-1"]
[WhiteElo "2588"]
[BlackElo "2656"]
[Annotator "Krasenkow,M"]
[PlyCount "122"]
[EventDate "1999.08.13"]
[EventType "tourn"]
[EventRounds "7"]
[EventCountry "NED"]
[EventCategory "14"]
[SourceTitle "CBM 073"]
[Source "ChessBase"]
[SourceDate "1999.12.01"]
[SourceVersion "1"]
[SourceVersionDate "1999.12.01"]
[SourceQuality "1"]

1. d4 Nf6 2. c4 g6 3. Nc3 d5 4. cxd5 Nxd5 5. e4 Nxc3 6. bxc3 Bg7 7. Bb5+ c6 8.
Ba4 O-O 9. Ne2 c5 10. O-O Nc6 11. Be3 Na5 12. dxc5 Nc4 13. Qxd8 Rxd8 14. Bg5
Bd7 15. Bb3 Na5 16. Rfd1 Bc6 $5 {Details of this variation - see CBM70.} (16...
Kf8 17. f3 Bb5 (17... h6 18. Be3 Bb5 19. Nd4 Bc4 20. Ba4 Rdc8 21. Nb3 Nc6 22.
Bxc6 bxc6 23. Na5 Be6 24. Bd4 $14 {Kiselev,S-Eljanov,P/Geller mem (Cup Russia)
1999/1/2-1/2 (53)-CBM70}) 18. Nd4 Ba6 19. Rab1 Rdc8 20. Be3 Kg8 21. Bf2 Bf8 22.
c6 Nxc6 {1/2-1/2 Ionov,S-Shipov,S/RUS-ch51 1998}) 17. f3 Bf8 {A new plan.
First of all, Black is going to deal with the c5 pawn.} 18. e5 (18. Nd4 Be8 $5
{[%cal Ya8c8]}) 18... Rxd1+ 19. Rxd1 e6 20. Be3 Rc8 21. Nf4 {[%cal Rf4e6,Yf4d3]
White tries to protect the c5 pawn but his pieces become passive.} Be7 22. c4 (
22. Nxe6 $2 Nxb3) (22. Nd3 Bb5) 22... Be8 23. Nd3 Nc6 {[%cal Yc6b8,Yb8a6,Ya6c5]
} 24. f4 $6 {[%csl Re4] This move weakens the a8-h1 diagonal. White should
rather look for other tactical means to keep the c5 pawn.} (24. Rb1 Nb8 25. Bd1
$1 Rc7 26. Be2) 24... Nb8 25. Rb1 Na6 26. Bd1 Bc6 {[%csl Gc6,Ge4][%cal Gc6e4]
Now the weakness of light squares in White's camp becomes obvious.} (26... Rc7
27. Bf3) (26... Nxc5 {is a bit early:} 27. Bxc5 Bxc5+ 28. Nxc5 Rxc5 29. Rxb7
Rxc4 30. Rb8 Kf8 31. Be2 Rc5 (31... Rc1+ 32. Kf2 Rc2 33. Ke3) 32. a4 {[%cal
Re2b5]} Ke7 33. Rb7+ $16) 27. Rb3 Rc7 28. Be2 (28. g4 $5) 28... h5 $1 {[%cal
Yg8c8] Black's plan now is: to protect the b7 pawn with the king and then
capture the c5 pawn. White must create counterplay on the kingside. But first
of all he should get rid of the black strong c6 bishop.} 29. Kf1 $6 {A
planless move.} (29. g3 Kf8 30. h3 Ke8 31. g4 hxg4 32. hxg4 Kd8 33. Kf2 {
[%cal Ye2f3]} Kc8 (33... Bh4+ 34. Kf1 {[%cal Rg4g5]}) 34. Bf3 Bxf3 35. Kxf3
Nxc5 $15) (29. Kf2 $1 Kf8 30. Bf3 Bxf3 31. Kxf3 Ke8 32. Ke4 $11 {Now even if
Black captures the c5 pawn, White should never lose thank to the active
position of his king.}) 29... Kf8 $1 30. g3 {This plan (h2-h3, g3-g4 etc.)
doesn't work without the exchange of the light-squared bishops.} (30. Kf2)
30... Ke8 31. h3 Kd8 32. Kf2 {losing a tempo} (32. g4 hxg4 33. hxg4 Kc8) 32...
Kc8 33. Bd4 {Despite the loss of time, it was not yet late to play} (33. Bf3
Bxf3 34. Kxf3 Nxc5 35. Nxc5 Bxc5 36. Bxc5 Rxc5 37. Rb4 $1 (37. Rc3 Ra5) {
and I don't see a win for Black, e.g.} 37... Ra5 38. a4 Rc5 39. Ke3 a5 40. Rb5
Rxc4 41. Rxa5 Kb8 42. h4 $1 (42. Kd3 Rc1 43. Ke3 Rc3+ 44. Kf2 h4) 42... Rc3+
43. Kf2 Ra3 44. Kg2 b6 45. Rb5 Kb7 46. Rb4 Ka6 47. Rd4 Ka5 48. Rd7 Rxa4 49.
Rxf7 b5 50. Ra7+ $1 Kb6 (50... Kb4 $6 51. Rg7 Ka3 52. Rxg6 b4 53. Rxe6 b3 54.
Rb6 b2 55. e6 {etc.}) 51. Re7 b4 52. Rxe6+ $11) 33... Ba4 $1 34. Rb2 (34. Ra3
Bc2) 34... Nxc5 $17 35. Ke3 b6 36. g4 $6 {White should have rather simplified
the position but after} (36. Nxc5 Bxc5 37. Bxc5 Rxc5 $17 {, due to a lot of
weaknesses (a2, c4, g3), his defence is difficult.}) 36... hxg4 37. hxg4 Nb7
38. Nf2 $2 {White gives up a pawn relying on opposite-coloured bishops but it
was better to keep it by} (38. Rd2 Na5 39. Nb2 Bc6 $17) 38... Na5 39. Ne4 Nxc4+
40. Bxc4 Rxc4 41. Nd6+ Bxd6 42. exd6 Kd7 43. Be5 (43. Rd2 g5 $1 (43... Bc6 $2
44. g5 Bd5 45. Be5 Re4+ 46. Kd3 Ra4 47. Rh2) 44. fxg5 Bc6 45. Kd3 Ra4 $19)
43... g5 $1 {A key move! It is necessary for Black to create a passed pawn. In
such endgame quality of pawns is much more important than their number.} 44.
fxg5 Bc6 45. Kd3 Rxg4 46. Rf2 Be4+ 47. Kc3 Bg6 {Black has protected his only
weakness, the f7 pawn. Now, after some preparation, the e6 pawn will move
forward, deciding the game.} 48. Bf4 Rg1 49. Kd2 Ra1 50. Ke3 Rc1 51. Rd2 Rc3+
52. Kd4 Rc5 53. Ke3 Rf5 54. Rg2 e5 55. Bh2 Kxd6 {With two extra pawns Black
wins easily.} 56. Rg4 Kd5 57. Rg1 Bh5 58. Rg2 Rf3+ 59. Kd2 e4 60. Ke1 Re3+ 61.
Kf1 Rd3 {[%cal Ye4e3,Ye3e2,Yd3d1] A brilliant positional game by Ivan Sokolov!}
0-1

[Event "USA-ch Gr-A"]
[Site "Salt Lake City"]
[Date "1999.08.24"]
[Round "2"]
[White "Yermolinsky, Alex"]
[Black "Kudrin, Sergey"]
[Result "1/2-1/2"]
[WhiteElo "2588"]
[BlackElo "2525"]
[Annotator "Krasenkow,M"]
[PlyCount "93"]
[EventDate "1999.08.05"]
[EventType "tourn"]
[EventRounds "7"]
[EventCountry "USA"]
[EventCategory "13"]
[SourceTitle "CBM 073"]
[Source "ChessBase"]
[SourceDate "1999.12.01"]
[SourceVersion "1"]
[SourceVersionDate "1999.12.01"]
[SourceQuality "1"]

1. d4 Nf6 2. c4 g6 3. Nc3 d5 4. cxd5 Nxd5 5. e4 Nxc3 6. bxc3 Bg7 7. Be3 c5 8.
Qd2 Qa5 9. Rc1 cxd4 10. cxd4 Qxd2+ 11. Kxd2 O-O 12. Nf3 Rd8 13. d5 Nc6 14. Ke1
Na5 {[%cal Ye7e6,Yf7f5] This used to be the "main line" of the 7.Nf3 Bg7 8.Be3
system in the early 80s, after the famous game Kasparov-Romanishin. Now it is
a rare guest in tournament practice. Black is considered to easily equalize
but the most annoying for White is the necessity to constantly remember that
his king has no right to castle anymore!} 15. Bg5 {The other moves are not
dangerous for Black:} (15. Bb5 f5 $1) (15. Bc5 $6 Bd7 $1 16. Bb4 Rac8 $1 17.
Rb1 (17. Rxc8 Rxc8 18. Bxa5 Rc1+ 19. Kd2 Bh6+ 20. Kd3 Bb5+ 21. Kd4 Bxf1) 17...
Bc3+ 18. Bxc3 Rxc3 $17 {Krasenkow,M-Rytshagov,M/Dnepropetrovsk 1985}) (15. Rc5
b6 16. Rc7 e6 17. Ng5 exd5 18. exd5 Rxd5 19. Nxf7 Rd7 20. Nh6+ Kf8 21. Rc1 Re7
22. Be2 Be6 $17 {Sherbakov,R-Janjgava,L/URS-qualJ Jurmala 1989/0-1 (53)}) (15.
Bd3 b6 16. Ke2 e6 17. Bg5 f6 18. Bd2 exd5 19. exd5 Bb7 20. Bxa5 bxa5 21. Rc5
Rxd5 $1 {Chachere,L-Ostenstad,B/Gausdal Int 1992/0-1 (40)} 22. Bc4 $140 Re8+
23. Kf1 Ba6 $1) (15. Bd2 b6 16. Bb4 (16. Bb5 f5 17. Bxa5 bxa5 18. e5 Rb8 19.
Bc4 Bh6 20. Rd1 Rb4 21. Bd3 Kf8 22. Bb1 Bb7 $17 {0-1 Bazant,P-Yandemirov,V/
Prague Mladi op 1990 (39)}) 16... Bf8 17. Ne5 e6 18. Bxa5 bxa5 19. Bc4 (19. Nc6
Bb4+ 20. Nxb4 axb4 21. Bc4 {1/2-1/2 Piskov,Y-Krasenkow,M/BL9293 1993}) 19...
Rd6 $1 (19... Bd6 20. Nc6 Re8 21. Ke2 a4 22. Rhd1 e5 23. Bd3 $16 {1/2-1/2
Boguslawsky,M-Krasenkow,M/Voskresensk 1992 (31)}) 20. Nc6 exd5 21. Bxd5 Bb7 22.
Ke2 Re8 23. Kd3 Rc8 24. Nxa7 Rcd8 25. Rhd1 Bxd5 26. exd5 Rxd5+ $15 {
Zakharevich,I-Yandemirov,V/Smolensk Alekhine op 1992/1/2-1/2 (42)}) 15... Kf8 {
A rare continuation, which, however, yields Black an excellent position.} (
15... Bf6 16. Bd2 (16. Bf4 Bg4 17. Ne5 Bxe5 18. Bxe5 Rac8 19. Rxc8 {1/2-1/2
Rashkovsky,N-Mikhalchishin,A/USSR 1981}) 16... b6 17. Rc7 $1 Bg4 (17... Rd7
$142 {Kasparov}) 18. Ba6 e6 $1 19. Ng5 $1 Be5 $1 20. Rxf7 $1 exd5 21. f4 $1 $36
{Kasparov,G-Romanishin,O/Moscow-4teams 1981/1-0 (43)}) (15... Bd7 $1 {This
move decreased the popularity of the whole line.} 16. Bd3 Rdc8 17. Ke2 e6 18.
Bd2 (18. Rxc8+ Rxc8 19. Rc1 Rxc1 20. Bxc1 exd5 21. exd5 b5 22. Bf4 Kf8 23. Bd6+
Ke8 24. Ne5 Nb7 25. Bb8 a6 26. Nxd7 Kxd7 27. f4 Bf8 $11 {1/2-1/2 Caessens,
R-Fette,M/Groningen op 1988 (39)}) 18... exd5 (18... b6 19. Ba6 Rxc1 20. Rxc1
exd5 21. exd5 Bf5 22. Rc7 h6 23. Be3 Bf8 24. h3 Be4 {1/2-1/2 Paulsen,D-Lau,R/
BL8182 1982}) 19. exd5 Re8+ 20. Be3 a6 (20... Rad8 21. Rc5 b6 22. Rc7 Ba4 23.
Rxa7 Rxd5 24. Rb1 Rd6 25. Ng5 $16 {1-0 Henrichs,T-Dietzel,J/NRW-I 1995 (46)}) (
20... Ba4 $5 21. Rc5 b6 22. Rc7 f5 23. g3 Red8 24. Rhc1 Rxd5 25. Rc8+ Rd8 26.
Rxa8 Rxa8 27. Rc7 $13 {Tischendorf,M-Metz,H/corr. 1988}) 21. Rc7 Rad8 22. Rb1
Bg4 23. h3 Bxf3+ 24. Kxf3 Rxd5 25. Be4 Rde5 26. Bxb7 Rf5+ 27. Ke2 Nxb7 28.
Rbxb7 Bd4 29. g4 Rf6 30. Re7 Rxe7 31. Rxe7 Bxe3 32. Rxe3 g5 {1/2-1/2 Chekhov,
V-Schmidt,W/Prague Bohemians 1989}) {As Alex Yermolinsky regularly plays this
line, he must have prepared an improvement for White after 15...Bd7.} 16. Bd3 (
16. Bd2 b6 17. Rc7 Rd7 18. Rxd7 Bxd7 19. Ba6 e6 20. Ke2 exd5 21. exd5 Re8+ 22.
Be3 Re4 23. Rc1 Ra4 24. Rc2 Nb3 25. axb3 Rxa6 {Gastgofer,V-Yandemirov,V/Kstovo
op 1994/0-1 (45)}) 16... f5 $1 {A typical attack in the Gruenfeld. Here it is
even more powerful than usually as the white h1 rook has more problems
entering the game than its black a8 counterpart.} 17. Ke2 fxe4 18. Bxe4 Bd7 {
[%csl Re2]} 19. Rhd1 Ba4 $1 20. Rd2 Bb5+ 21. Ke1 Nc4 22. Rdd1 Nd6 23. Bd3 Rac8
{At last both sides have developed their pieces. The endgame is slightly
better for Black, thanks to his queenside pawn advantage and the weakness of
the white d5 pawn but it is not enough to win.} 24. Rxc8 Rxc8 25. Be3 a6 26.
Ng5 Bxd3 27. Rxd3 Kg8 28. Ne6 Bf6 29. Bd4 Rc4 30. g4 Bxd4 31. Rxd4 Rxd4 32.
Nxd4 Ne4 33. Ne6 Nc3 (33... Nf6 $5 34. Nc5 (34. h3 Nxd5 35. Nc5 Nb4) 34... Nxg4
35. Nxb7 Nxh2 36. Nc5 a5 $15) 34. a3 Nxd5 35. Nc5 b6 36. Nxa6 Kf7 37. Ke2 Kf6
38. Kd3 Ke5 39. Kc4 g5 40. Kb5 Kf4 41. Kc6 Nc3 42. Kxb6 Kxg4 43. Kc5 Kh3 44.
Kb4 Nd5+ 45. Kc5 Nc3 46. Kb4 Nd5+ 47. Kc5 {White can't allow the black knight
to stop the a3 pawn; Black can't allow it to move forward. So, they repeat
moves.} 1/2-1/2

[Event "VISA Nordic GP Final"]
[Site "Gentofte"]
[Date "1999.08.17"]
[Round "10"]
[White "Schandorff, Lars"]
[Black "Borge, Nikolaj"]
[Result "1-0"]
[WhiteElo "2514"]
[BlackElo "2426"]
[Annotator "Krasenkow,M"]
[PlyCount "63"]
[EventDate "1999.08.05"]
[EventType "tourn"]
[EventRounds "13"]
[EventCountry "DEN"]
[EventCategory "9"]
[SourceTitle "CBM 073"]
[Source "ChessBase"]
[SourceDate "1999.12.01"]
[SourceVersion "1"]
[SourceVersionDate "1999.12.01"]
[SourceQuality "1"]

1. d4 Nf6 2. c4 g6 3. Nc3 d5 4. cxd5 Nxd5 5. e4 Nxc3 6. bxc3 Bg7 7. Nf3 c5 8.
Rb1 O-O 9. Be2 Nc6 10. d5 Ne5 11. Nxe5 Bxe5 12. Qd2 e6 13. f4 Bc7 14. O-O exd5
15. exd5 Ba5 16. d6 b6 17. Bf3 Bf5 18. Bxa8 Bxb1 19. Bc6 Qf6 20. Bb2 Bf5 21.
Re1 Be6 {An attempt to avoid the unpleasant endgame after} (21... Rd8 22. Re8+
Rxe8 23. Bxe8 {-CBM72 However, it doesn't solve Black's problems.}) 22. a4 Qd4+
$2 {This leads to a hopeless endgame but Black would value a good advice.} (
22... Rd8 23. d7 $16 Qd4+ $2 24. cxd4 Bxd2 25. Re2 Bxf4 26. d5 $18) 23. cxd4
Bxd2 24. Re2 Bxf4 25. d5 Bxd5 (25... Bg4 26. Re4 g5 27. d7 $18) 26. Bxd5 Bxd6 {
Formally Black has a sufficient material compensation for the piece but his
pawns are completely motionless, and White's pair of bishops controls the
whole board.} 27. Rf2 Be7 28. Kf1 {[%cal Yf1a6] Black is completely tied;
therefore White can simply transfer his king to the queenside to enjoy Black's
tasty pawns.} Bg5 29. Be5 h5 30. Bc4 Be3 {A desperate attempt to make an
"active" move.} 31. Rf3 Bd4 32. Bd6 1-0

[Event "Kiev Spring"]
[Site "Kiev"]
[Date "2000.03.25"]
[Round "4"]
[White "Malakhatko, Vadim"]
[Black "Vorobiov, Evgeny E"]
[Result "1/2-1/2"]
[WhiteElo "2568"]
[BlackElo "2500"]
[Annotator "Krasenkow,M"]
[PlyCount "113"]
[EventDate "2000.03.22"]
[EventType "tourn"]
[EventRounds "11"]
[EventCountry "UKR"]
[EventCategory "11"]
[SourceTitle "CBM 077"]
[Source "ChessBase"]
[SourceDate "2000.07.27"]
[SourceVersion "1"]
[SourceVersionDate "2000.07.27"]
[SourceQuality "1"]

1. d4 Nf6 2. c4 g6 3. Nc3 d5 4. cxd5 Nxd5 5. e4 Nxc3 6. bxc3 Bg7 7. Bb5+ c6 8.
Ba4 b5 9. Bb3 b4 {This natural reaction to 7.Bb5+ went out of fashion recently.
It is not considered solid enough.} 10. Bb2 {A positional way, which is now
considered the best. White's g1 knight later goes to f3 rather than e2.
Tactical lines like} (10. Ne2 {or}) (10. Qf3 {are more risky for White if
Black plays accurately.}) 10... bxc3 11. Bxc3 O-O {Maintaining different
possibilities. The other moves are less flexible:} (11... Nd7 12. Nf3 $1 (12.
Ne2 O-O 13. O-O Ba6 14. Rc1 c5 $5 (14... e5 15. Bb4 $1 c5 (15... Re8 $2 16.
Rxc6 Bb7 17. Bxf7+ Kxf7 18. Qb3+ $18) (15... exd4 $5 16. Bxf8 Nxf8 17. Rxc6 Bb7
18. Rc4 Ne6 $16 {Glatman,V}) 16. dxc5 Bh6 $6 (16... Rb8 17. Bd2 Nf6 18. f3 $14
{Glatman,V}) 17. Rc2 Nf6 18. Bc4 $1 $18 Bb7 19. c6 $1 Qxd1 20. Rxd1 Rfd8 21.
Bd5 {1-0 Ryskin,A-Shmuter,L/Sochi 1993}) (14... Rc8 15. Re1 e5 16. Bb4 Re8 17.
d5 c5 18. Bd2 Nb6 19. Be3 Bf8 20. Nc3 $1 $14 {Sokolov,I} (20. Ba4 Nxa4 21. Qxa4
Bd3 22. f3 c4 {Sokolov,I-Leko,P/Wijk 1994/0-1 (65)})) (14... Qb6 15. Re1 Nf6
16. Qc2 c5 17. e5 Ng4 18. h3 Bxe2 19. dxc5 Qxc5 20. Qxe2 Nh6 $14 {Kunin,
V-Ivashko,S/Moscow-ch op 1995/0-1 (42)}) 15. d5 (15. dxc5 Bh6 {[%cal Yd7c5]})
15... Bxc3 16. Rxc3 Qa5 17. Rh3 c4 18. Bc2 c3 19. Re1 Bxe2 20. Rxe2 Rab8 21. e5
Rb2 {Ruzele,D-Schoen,W/Pardubice op 1995/0-1 (42)}) 12... Nc5 (12... c5 13. Rc1
) 13. Bc2 Ba6 14. Qd2 (14. h4 f5 15. e5 Ne4 16. Bxe4 fxe4 17. Ng5 Qd5 18. Qg4
c5 19. Qe6 Bc4 20. Qxd5 Bxd5 21. dxc5 Rc8 22. Bd4 O-O 23. Ke2 h6 24. Nh3 Rf5
25. Ke3 g5 26. Rac1 Rc6 27. Rc3 Ra6 28. a3 $16 {+/- Kortschnoj,V-Tseitlin,M/
Beer_Sheva 1993}) 14... O-O 15. h4 h5 16. Ng5 Qd7 17. O-O-O Ne6 18. Bb3 Nxg5
19. hxg5 Rab8 20. Rh3 Qb7 21. Qe3 Qb5 22. f4 $16 {1-0 Kortschnoj,V-Huzman,A/
Beer_Sheva 1993 (29)}) (11... Ba6 12. Nf3 (12. h4 $6 Nd7 13. h5 c5 14. hxg6
hxg6 15. Rxh8+ Bxh8 16. Qf3 e6 17. O-O-O {0-1 Soppe,G-Neverov,V/Capablanca mem
1991}) 12... O-O 13. Qd2 Nd7 14. h4 Qb8 15. h5 Qb5 16. hxg6 hxg6 17. O-O-O e6
18. Ng5 Rab8 19. Qf4 Nc5 20. Rh8+ Bxh8 21. Qh4 Nd3+ 22. Kd2 Kg7 23. f4 Ne5 24.
Kc1 Qe2 25. Qh7+ Kf6 26. dxe5+ Ke7 27. Nxe6 Rxb3 28. Qh4+ g5 29. Qxg5+ f6 30.
exf6+ Rxf6 31. Qc5+ {[#]} Kf7 32. Qf8+ Kg6 33. Qg8+ {1-0 Zhukova,N-Peptan,C/
EU-chJW U16 Herculane 1994}) 12. Qd2 (12. Nf3 Bg4 $132 {the difference
comparing to 11...Nd7. That's why White plays 12.Qd2 first.}) (12. Ne2 Ba6 13.
e5 (13. O-O {-see 11...Nd7}) 13... Nd7 (13... Qc8 14. O-O Nd7 15. Re1 Nb6 16.
Bb4 Qb7 17. Bc5 Rfd8 18. Ng3 Nd5 19. Qf3 {Tomasevic,T-Ilieva,H/Wch-stud Sofia
1994/1/2-1/2 (39)}) 14. O-O c5 15. e6 c4 16. exf7+ Rxf7 17. Bc2 Bb7 18. Qd2 Nb6
19. Rad1 Qd7 20. Ng3 Rd8 {Bulthaupt,F-Kyritz,M/OLNO 1993/1/2-1/2 (43)}) (12. h4
$5 Nd7 (12... h5 $6 {weakening the kingside too much} 13. Qd2 Nd7 14. Nf3 Ba6
15. Rc1 Rc8 16. Ba5 Qe8 17. e5 c5 18. e6 fxe6 19. Bxe6+ Kh8 20. Bc3 Rd8 21. d5
Nf6 22. Rd1 Qa4 23. Qe3 Rb8 24. Ne5 Kh7 25. Nxg6 Kxg6 26. Bf5+ Kf7 27. Qe6+ Ke8
28. d6 Nd5 29. Bg6+ Kd8 30. Bxg7 Rf7 31. dxe7+ {1-0 Dao Thien Hai-Fogarasi,T/
Budapest FS02 GM 1995}) 13. h5 c5 14. hxg6 hxg6 15. Qg4 $6 Nf6 $1 (15... Qb6 $2
16. Qh4 Re8 17. Qh7+ Kf8 18. Nf3 cxd4 19. Bxd4 $1 Qb4+ 20. Kf1 e5 21. Be3 Nf6
22. Qh4 Qxe4 23. Bc5+ Kg8 24. Bxf7+ {1-0 Horak,J-Hlavac,R/Decin op 1995}) 16.
Qxg6 c4 $1 17. Bxc4 Qc7 18. Bxf7+ Rxf7 19. Ne2 Ba6 $17 {This line needs
further investigation.}) 12... Na6 (12... Nd7 {is probably more solid:} 13. f4
$5 (13. Ne2 Ba6 14. e5 e6 15. f4 Nb6 16. Bb4 Re8 17. Rc1 Nd5 18. Bd6 Rc8 19.
O-O Bxe2 20. Qxe2 Bf8 21. Bxf8 Rxf8 22. Rc5 Ne7 $11 {0-1 Hoeksema,E-Hellers,F/
Leeuwarden op 1994 (41)}) (13. Nf3 $5) 13... Ba6 14. Nf3 e6 (14... c5 15. d5
Bxc3 16. Qxc3 Nf6 17. Nd2 $14) 15. e5 (15. Rd1 Qb6 16. e5 c5 17. Kf2 $1 Rac8 $6
(17... cxd4 18. Bxd4 Nc5 19. Qe3 Rfc8 20. Rd2 Bf8 $13 {Stohl,I}) 18. Qe3 Rfd8
19. Ng5 Bb7 20. Rhe1 (20. d5 $5 exd5 21. Bxd5 Bxd5 22. Rxd5 $14 {Stohl,I})
20... h6 21. Ne4 Bf8 22. d5 c4 23. dxe6 Qxe6 24. Bc2 Bxe4 25. Bxe4 Nc5 $1 $11 {
Sokolov,I-Stohl,I/Osterreich 1994/1/2-1/2 (69)}) 15... c5 16. Kf2 cxd4 17. Bxd4
Qe7 (17... Bb7 18. Rhc1 Nb6 $10 {Ftacnik,L}) 18. Qe3 Bb7 19. Rhc1 Rfc8 20. Ng5
(20. Rxc8+ $5 Rxc8 21. Bxa7 {Ftacnik,L}) 20... Bh6 21. Kg1 Nb6 22. Bc5 Qd7 23.
Bd6 Rxc1+ 24. Rxc1 Rc8 25. Rxc8+ Qxc8 26. Qc5 Bg7 27. Kf2 h6 28. Nf3 Qxc5+ 29.
Bxc5 $14 {Ruzele,D-Kalantarian,N/EUCup f 1996/1-0 (59)}) (12... Bb7 13. Ne2 (
13. Nf3 $5) 13... Nd7 14. O-O e5 15. Rad1 Qh4 16. Ng3 exd4 17. Bxd4 Ne5 18. Qa5
Rfe8 19. h3 c5 {1/2-1/2 Hardicsay,P-Schneider,A/HUN-chT1 1995}) 13. Ne2 {
Too passive.} (13. Nf3 $1 {is more appropriate, e.g.} Nc7 14. O-O Nb5 $6 (14...
Bg4 15. Ne5 $14 {Sokolov,I}) 15. Ba5 $1 Qd7 16. e5 e6 17. Rac1 Bb7 18. Rfd1 Nc7
19. Qe2 Ba6 20. Qc2 Nd5 21. Ng5 $1 Nf4 22. Rd2 c5 23. Qe4 $1 Ne2+ 24. Rxe2 Bxe2
25. Qxe2 cxd4 26. Rc7 $18 {Sokolov,I-Alterman,B/Groningen 1993/1-0 (70)}) 13...
Nc7 14. O-O (14. Rd1 Ba6 15. O-O c5 16. Rfe1 Bxe2 17. Rxe2 Nb5 18. e5 Nxd4 19.
Bxd4 cxd4 20. Qxd4 Qa5 21. Qd5 Qxd5 {1/2-1/2 Ovod,E-Vorobiov,E/RUS-Cup03 
(Geller mem) 1999}) 14... Ba6 15. Rfd1 Bxe2 16. Qxe2 Nb5 17. Qc4 Nxc3 18. Qxc3
Rc8 19. e5 e6 {Opposite-coloured bishops, with both sides having pawn
weaknesses (d4 vs c6), presage a draw. Black should only be careful with ...
c6-c5 as White can reply d4-d5. However, White has a space advantage and
attempts to create a kingside attack.} 20. f4 Qb6 21. Bc4 a5 22. Rab1 Qa7 23.
h4 Rfd8 24. Qe3 Rc7 25. Rd3 Rcd7 26. Rbd1 Qb6 {[%cal Rb6b4]} 27. a3 Bf8 $6 (
27... h5 28. Kh2 Bh6 {was correct to stop White's attack.}) 28. Kh2 Kg7 $6 {
It was the last opportunity to play} (28... h5) {After the text move the black
king is in serious trouble.} 29. h5 Be7 30. Qf2 a4 31. g4 Bxa3 $5 {A nice
tactical trick but it doesn't help to rescue the king.} 32. f5 $1 (32. Rxa3 Qb4
33. Rad3 (33. Qa2 Rxd4 34. Rxd4 Rxd4 $17) 33... Qxc4 34. Qh4 Kg8 35. Qf6 (35.
h6 Qb4 36. Qf6 Qf8 37. g5 c5 $1) 35... Rxd4 $1 36. h6 Qc2+ 37. R1d2 Qxd2+ 38.
Rxd2 Rxd2+ 39. Kg3 R8d3+ 40. Kh4 Rh2+ (40... Kf8 41. Qg7+ Ke7 42. Qf6+ Ke8 43.
Qh8+ Kd7 $6 44. Qf8) 41. Kg5 Rxh6 42. Qe7 Rdh3 43. Qd8+ $11) 32... exf5 33.
gxf5 g5 34. h6+ $1 (34. Rxa3 Qb4 35. h6+ $1 (35. Rg3 Qxc4 36. Rxg5+ Kh8) (35.
Qg3 Qxc4 36. Qxg5+ Kf8 37. Rg3 Rxd4 (37... Qe2+ $2 38. Rg2 Qxd1 39. f6 $18) 38.
Qh6+ Ke8 (38... Ke7) 39. Rg8+ Kd7 40. Rxd8+ Kxd8 41. Qf8+ Kc7 42. Qe7+ Kc8 $11)
35... Kf8 36. Qa2 $18 {-34.h6+}) 34... Kf8 35. Qg1 $2 (35. Rxa3 {was winning
but White had probably no time to calculate it:} Qb4 36. Qa2 Rxd4 37. Rxd4 (37.
Rad3 $2 Rh4+ 38. Kg2 Rxd3) 37... Rxd4 38. Rxa4 $1 Rh4+ (38... Rd2+ 39. Kh1 Rd1+
40. Bf1 $1 Rxf1+ 41. Kg2 $18) 39. Kg2 Rg4+ 40. Kf1 Rf4+ 41. Ke2 Re4+ 42. Kd3
$18) 35... f6 $1 {Now everything becomes unclear.} 36. exf6 (36. Be6 Rb7) 36...
Bd6+ 37. Kh1 Bf4 38. Rb1 Qa5 39. d5 a3 40. f7 {[%cal Rg1d4]} Rd6 $5 {Black
ignores White's threat, which leads to wild complications ending in a draw!} (
40... Qa7 $5 $13 41. Qe1 Rd6 42. dxc6 Rxh6+ 43. Kg2 Rh2+ 44. Kf1 Qc7) 41. Qd4
$1 Rxh6+ 42. Kg1 (42. Kg2 Rh2+ $1 43. Kf3 (43. Kg1 cxd5) 43... Rh3+ $11) 42...
cxd5 43. Qh8+ (43. Bxd5 Rxd5 $1 44. Qxd5 Qxd5 45. Rxd5 Rd6 46. Ra5 Kxf7 $11)
43... Kxf7 44. Rxd5 Rxd5 45. Rb7+ Bc7 46. Bxd5+ Ke7 47. Qg7+ Kd8 48. Qxg5+ $6 {
White had no grounds to play for a win. Fortunately, a draw is still reachable.
} (48. Qf8+ Kd7 49. Qg7+ $6 Kc8) (48. Qxh6 Qe1+ 49. Kg2 Qe2+ $11) 48... Kc8 49.
Qg8+ (49. Qxh6 $6 Qc5+ 50. Kf1 Qxd5) 49... Bd8 50. Rb1 Qc5+ 51. Kf1 Rh1+ $1 52.
Bxh1 Qxf5+ 53. Ke2 Qc2+ 54. Ke3 Qxb1 55. Qe6+ Kb8 56. Qd6+ Kc8 57. Qe6+ 1/2-1/2